| 000 -LEADER |
| fixed length control field |
03551cam a2200445 i 4500 |
| 001 - CONTROL NUMBER |
| control field |
20889155 |
| 003 - CONTROL NUMBER IDENTIFIER |
| control field |
NUST |
| 005 - DATE AND TIME OF LATEST TRANSACTION |
| control field |
20220825114643.0 |
| 008 - FIXED-LENGTH DATA ELEMENTS--GENERAL INFORMATION |
| fixed length control field |
190314s2019 caua b 001 0 eng |
| 010 ## - LIBRARY OF CONGRESS CONTROL NUMBER |
| LC control number |
2019011715 |
| 020 ## - INTERNATIONAL STANDARD BOOK NUMBER |
| International Standard Book Number |
9781523085170 (hardback) |
| 020 ## - INTERNATIONAL STANDARD BOOK NUMBER |
| International Standard Book Number |
9781523093144 (paperback) |
| 038 ## - RECORD CONTENT LICENSOR |
| Staff Name |
Azhar |
| 040 ## - CATALOGING SOURCE |
| Original cataloging agency |
DLC |
| Language of cataloging |
eng |
| Transcribing agency |
DLC |
| Description conventions |
rda |
| Modifying agency |
DLC |
| 042 ## - AUTHENTICATION CODE |
| Authentication code |
pcc |
| 050 00 - LIBRARY OF CONGRESS CALL NUMBER |
| Classification number |
HD57.7 |
| Item number |
.B7656 2019 |
| 082 00 - DEWEY DECIMAL CLASSIFICATION NUMBER |
| Classification number |
658.4092 |
| Edition number |
23 |
| Author Mark |
BRO |
| 084 ## - OTHER CLASSIFICATION NUMBER |
| Classification number |
BUS030000 |
| -- |
BUS097000 |
| -- |
SOC031000 |
| Number source |
bisacsh |
| 100 1# - MAIN ENTRY--PERSONAL NAME |
| Personal name |
Brown, Jennifer, |
| Dates associated with a name |
1971- |
| Relator term |
author. |
| 9 (RLIN) |
93613 |
| 245 10 - TITLE STATEMENT |
| Title |
How to be an inclusive leader : |
| Remainder of title |
your role in creating cultures of belonging where everyone can thrive / |
| Statement of responsibility, etc. |
Jennifer Brown. |
| 250 ## - EDITION STATEMENT |
| Edition statement |
First Edition. |
| 260 ## - PUBLICATION, DISTRIBUTION, ETC. |
| Place of publication, distribution, etc. |
Oakland, CA : |
| Name of publisher, distributor, etc. |
Berrett-Koehler Publishers, Inc. |
| Date of publication, distribution, etc. |
2019 |
| 300 ## - PHYSICAL DESCRIPTION |
| Extent |
xiii, 148 pages : |
| Other physical details |
illustrations ; |
| Dimensions |
24 cm |
| 336 ## - CONTENT TYPE |
| Content type term |
text |
| Content type code |
txt |
| Source |
rdacontent |
| 337 ## - MEDIA TYPE |
| Media type term |
unmediated |
| Media type code |
n |
| Source |
rdamedia |
| 338 ## - CARRIER TYPE |
| Carrier type term |
volume |
| Carrier type code |
nc |
| Source |
rdacarrier |
| 504 ## - BIBLIOGRAPHY, ETC. NOTE |
| Bibliography, etc. note |
Includes bibliographical references and index. |
| 520 ## - SUMMARY, ETC. |
| Summary, etc. |
"Internationally acclaimed diversity and inclusion expert Jennifer Brown shows how we can all shift our perspectives to create a more diverse and inclusive workplace. She breaks down the "us-versus-them" divide that plagues so many diversity initiatives. When people are able to bring their full selves to work and feel welcomed, valued, and respected for their differences, they perform at higher levels and contribute more to their organizations than when they are divided by differences. There is greater trust, cooperation, and community in the workplace, which leads to higher performance and business results. In this brave new book, award-winning entrepreneur and internationally acclaimed diversity and inclusion expert Jennifer Brown offers the best-practice guide for becoming more inclusive in our everyday behaviors and interactions. It shares how we can all shift our perspective to support each other and to develop as allies and even accomplices for workplace inclusion. It also explores how targeting the structural barriers to inclusion at an organizational level is needed to tackle the baked-in inequities of our systems that have persisted and continue to derail inclusion. Through storytelling techniques, the author works to make diversity and inclusion inclusive of everyone. The goal is to help those who have felt irrelevant to diversity and inclusion conversations--or even alienated by them--positively contribute to creating workplaces of greater mutual understanding, compassion, and affirmation that profit from the talents of everyone"-- |
| Assigning source |
Provided by publisher. |
| 520 ## - SUMMARY, ETC. |
| Summary, etc. |
"We know why diversity is important, but how do we drive real change at work? Diversity and inclusion expert Jennifer Brown provides a step-by-step guide for the personal and emotional journey we must undertake to create an inclusive workplace where everyone can thrive"-- |
| Assigning source |
Provided by publisher. |
| 563 ## - BINDING INFORMATION |
| Binding note |
PB |
| 650 #0 - SUBJECT ADDED ENTRY--TOPICAL TERM |
| Topical term or geographic name entry element |
Leadership. |
| 650 #0 - SUBJECT ADDED ENTRY--TOPICAL TERM |
| Topical term or geographic name entry element |
Personnel management. |
| 650 #0 - SUBJECT ADDED ENTRY--TOPICAL TERM |
| Topical term or geographic name entry element |
Work environment. |
| 9 (RLIN) |
3404 |
| 650 #7 - SUBJECT ADDED ENTRY--TOPICAL TERM |
| Topical term or geographic name entry element |
BUSINESS & ECONOMICS / Human Resources & Personnel Management. |
| Source of heading or term |
bisacsh |
| 9 (RLIN) |
13713 |
| 650 #7 - SUBJECT ADDED ENTRY--TOPICAL TERM |
| Topical term or geographic name entry element |
BUSINESS & ECONOMICS / Workplace Culture. |
| Source of heading or term |
bisacsh |
| 9 (RLIN) |
93614 |
| 650 #7 - SUBJECT ADDED ENTRY--TOPICAL TERM |
| Topical term or geographic name entry element |
SOCIAL SCIENCE / Discrimination & Race Relations. |
| Source of heading or term |
bisacsh |
| 9 (RLIN) |
93615 |
| 906 ## - LOCAL DATA ELEMENT F, LDF (RLIN) |
| a |
7 |
| b |
cbc |
| c |
orignew |
| d |
1 |
| e |
ecip |
| f |
20 |
| g |
y-gencatlg |
| 942 ## - ADDED ENTRY ELEMENTS (KOHA) |
| Source of classification or shelving scheme |
|
| Koha item type |
Lincoln Corner |